Visualizzazione normale
Vista MARC
- FILM DI GUERRA
di Topical Term
Records bibliografici associati: 1
001 - CONTROL NUMBER
- control field: 46181
003 - CONTROL NUMBER IDENTIFIER
- control field: IT-RoPau
005 - DATE AND TIME OF LATEST TRANSACTION
- control field: 20151129221942.0
008 - FIXED-LENGTH DATA ELEMENTS
- fixed length control field: 151129|| aca||aabn | a|a d
040 ## - CATALOGING SOURCE
- Original cataloging agency: IT-RoPau
- Transcribing agency: IT-RoPau
150 ## - HEADING--TOPICAL TERM
- Topical term or geographic name entry element: FILM DI GUERRA
- : PELLICOLE CINEMA [16MM]
- General subdivision: Codice MATERIA SPICS: 9955
670 ## - SOURCE DATA FOUND
- Source citation: Work cat.: (IT-RoPau)106307: Tarkovskij Andrej Codice regista SPICS: 1652 46179, INFANZIA DI IVAN (L') INFANZIA DI IVAN (L') (Rif. Codice opera principale : 21667)